NBA 2K21: Top 5 Highest 3-Point Ratings Per All-Time Team - Statistics

General Stats
  • This quiz has been taken 75 times
  • The average score is 52 of 156
Answer Stats
Team Player Rating % Correct
All-Time Golden State Warriors Stephen Curry 99
89%
All-Time Charlotte Hornets Dell Curry 96
85%
All-Time Miami Heat LeBron James 86
83%
All-Time Chicago Bulls Michael Jordan 89
83%
All-Time Milwaukee Bucks Ray Allen 97
83%
All-Time Boston Celtics Ray Allen 99
83%
All-Time Oklahoma City Thunder Ray Allen 98
83%
All-Time Oklahoma City Thunder Kevin Durant 94
80%
All-Time Golden State Warriors Kevin Durant 85
80%
All-Time Philadelphia 76ers Allen Iverson 84
76%
All-Time Golden State Warriors Klay Thompson 98
73%
All-Time Los Angeles Lakers Kobe Bryant 85
71%
All-Time Los Angeles Clippers Chris Paul 86
68%
All-Time Houston Rockets Chris Paul 82
68%
All-Time Cleveland Cavaliers Kyrie Irving 93
68%
All-Time Brooklyn Nets Kyrie Irving 93
68%
All-Time Houston Rockets James Harden 85
67%
All-Time Dallas Mavericks Steve Nash 90
67%
All-Time Phoenix Suns Steve Nash 94
67%
All-Time Los Angeles Lakers Jerry West 95
64%
All-Time Boston Celtics Larry Bird 98
64%
All-Time Indiana Pacers Paul George 84
62%
All-Time Boston Celtics Paul Pierce 92
61%
All-Time Chicago Bulls Steve Kerr 95
61%
All-Time Atlanta Hawks Trae Young 90
61%
All-Time Brooklyn Nets Vince Carter 84
59%
All-Time Toronto Raptors Vince Carter 90
59%
All-Time Dallas Mavericks Dirk Nowitzki 96
58%
All-Time Memphis Grizzlies Mike Miller 93
58%
All-Time Utah Jazz John Stockton 93
56%
All-Time Phoenix Suns Kevin Johnson 81
56%
All-Time San Antonio Spurs Manu Ginóbili 88
56%
All-Time San Antonio Spurs Tony Parker 89
56%
All-Time New York Knicks Carmelo Anthony 85
55%
All-Time Denver Nuggets Carmelo Anthony 87
55%
All-Time Dallas Mavericks Luka Dončić 84
55%
All-Time Orlando Magic Tracy McGrady 91
55%
All-Time Houston Rockets Tracy McGrady 87
55%
All-Time Dallas Mavericks Brad Davis 84
52%
All-Time Cleveland Cavaliers Bingo Smith 87
48%
All-Time Houston Rockets Kenny Smith 94
48%
All-Time Atlanta Hawks Steve Smith 88
48%
All-Time Miami Heat Steve Smith 85
48%
All-Time Memphis Grizzlies Greg Anthony 85
45%
All-Time Indiana Pacers Jalen Rose 84
45%
All-Time Miami Heat Chris Bosh 85
44%
All-Time Golden State Warriors Chris Mullin 97
42%
All-Time Cleveland Cavaliers Kevin Love 90
42%
All-Time Minnesota Timberwolves Kevin Love 88
42%
All-Time Charlotte Hornets Kemba Walker 90
41%
All-Time San Antonio Spurs Danny Green 90
39%
All-Time Utah Jazz Deron Williams 88
39%
All-Time Golden State Warriors Draymond Green 85
39%
All-Time Chicago Bulls Jimmy Butler 85
39%
All-Time Boston Celtics John Havlicek 94
39%
All-Time Memphis Grizzlies Marc Gasol 85
39%
All-Time Sacramento Kings Peja Stojaković 97
39%
All-Time New Orleans Pelicans Peja Stojaković 96
39%
All-Time Boston Celtics Bob Cousy 95
38%
All-Time Washington Wizards Caron Butler 86
38%
All-Time Portland Trail Blazers CJ McCollum 86
38%
All-Time Minnesota Timberwolves Karl-Anthony Towns 84
38%
All-Time Milwaukee Bucks Khris Middleton 87
38%
All-Time Cleveland Cavaliers Mark Price 96
38%
All-Time Memphis Grizzlies Mike Conley 86
38%
All-Time Miami Heat Eddie Jones 87
36%
All-Time Charlotte Hornets Eddie Jones 92
36%
All-Time Los Angeles Lakers Elgin Baylor 89
36%
All-Time Los Angeles Clippers JJ Redick 96
36%
All-Time Sacramento Kings Oscar Robertson 90
36%
All-Time Utah Jazz Pete Maravich 95
36%
All-Time Milwaukee Bucks Michael Redd 94
33%
All-Time Detroit Pistons Joe Dumars 90
32%
All-Time Denver Nuggets Chauncey Billups 84
30%
All-Time Detroit Pistons Chauncey Billups 88
30%
All-Time Miami Heat Glen Rice 90
30%
All-Time Charlotte Hornets Glen Rice 97
30%
All-Time Oklahoma City Thunder Dale Ellis 96
27%
All-Time Detroit Pistons Richard Hamilton 90
27%
All-Time Portland Trail Blazers Brandon Roy 87
26%
All-Time Washington Wizards Chris Webber 85
26%
All-Time Oklahoma City Thunder Fred Brown 93
26%
All-Time Minnesota Timberwolves Sam Cassell 88
26%
All-Time Atlanta Hawks Bob Pettit 96
24%
All-Time Brooklyn Nets Dražen Petrović 98
24%
All-Time Los Angeles Clippers Eric Gordon 90
24%
All-Time New Orleans Pelicans Eric Gordon 90
24%
All-Time Los Angeles Lakers Byron Scott 92
23%
All-Time Orlando Magic Dennis Scott 94
23%
All-Time Washington Wizards Gilbert Arenas 89
23%
All-Time Brooklyn Nets Kenny Anderson 84
23%
All-Time Orlando Magic Rashard Lewis 90
23%
All-Time Oklahoma City Thunder Rashard Lewis 93
23%
All-Time New Orleans Pelicans Ryan Anderson 92
23%
All-Time Chicago Bulls B.J. Armstrong 93
21%
All-Time Toronto Raptors Damon Stoudamire 89
21%
All-Time Philadelphia 76ers Andre Iguodala 85
20%
All-Time Philadelphia 76ers Hal Greer 90
20%
All-Time Sacramento Kings Mitch Richmond 91
20%
All-Time Portland Trail Blazers Terry Porter 89
20%
All-Time Dallas Mavericks Jason Terry 96
18%
All-Time Utah Jazz Jeff Hornacek 92
18%
All-Time San Antonio Spurs Bruce Bowen 91
17%
All-Time Denver Nuggets Fat Lever 81
17%
All-Time Utah Jazz Gordon Hayward 85
17%
All-Time New York Knicks John Starks 88
17%
All-Time Brooklyn Nets Keith Van Horn 87
17%
All-Time Sacramento Kings Kevin Martin 88
17%
All-Time Brooklyn Nets Richard Jefferson 85
17%
All-Time Indiana Pacers Danny Granger 84
15%
All-Time Los Angeles Lakers Gail Goodrich 94
15%
All-Time Miami Heat Goran Dragić 88
15%
All-Time Golden State Warriors Jason Richardson 88
15%
All-Time San Antonio Spurs Sean Elliott 94
15%
All-Time Minnesota Timberwolves Wally Szczerbiak 90
15%
All-Time Cleveland Cavaliers World B. Free 86
15%
All-Time Los Angeles Clippers World B. Free 93
15%
All-Time New York Knicks Allan Houston 93
14%
All-Time Detroit Pistons Bill Laimbeer 85
14%
All-Time Atlanta Hawks Cliff Hagan 90
14%
All-Time Philadelphia 76ers Doug Collins 84
14%
All-Time Orlando Magic Jameer Nelson 93
14%
All-Time Orlando Magic Scott Skiles 90
14%
All-Time Phoenix Suns Dan Majerle 89
12%
All-Time Indiana Pacers Detlef Schrempf 83
12%
All-Time Sacramento Kings Jerry Lucas 90
12%
All-Time Phoenix Suns Paul Westphal 83
12%
All-Time Memphis Grizzlies Shane Battier 85
12%
All-Time Detroit Pistons Dave Bing 85
11%
All-Time Toronto Raptors Doug Christie 88
11%
All-Time Chicago Bulls Kirk Hinrich 89
11%
All-Time Atlanta Hawks Lou Hudson 88
11%
All-Time Dallas Mavericks Michael Finley 87
11%
All-Time New York Knicks Richie Guerin 86
11%
All-Time New Orleans Pelicans Jamal Mashburn 85
9%
All-Time Denver Nuggets Kiki Vandeweghe 96
9%
All-Time Portland Trail Blazers Kiki Vandeweghe 93
9%
All-Time Toronto Raptors Morris Peterson 88
9%
All-Time Minnesota Timberwolves Terrell Brandon 85
9%
All-Time Toronto Raptors Andrea Bargnani 90
8%
All-Time Los Angeles Clippers Corey Maggette 83
8%
All-Time New York Knicks Dave DeBusschere 85
8%
All-Time Washington Wizards Larry Hughes 85
8%
All-Time Denver Nuggets Mahmoud Abdul-Rauf 88
8%
All-Time Milwaukee Bucks Brian Winters 87
6%
All-Time Indiana Pacers Chuck Person 89
6%
All-Time Charlotte Hornets David Wesley 86
6%
All-Time New Orleans Pelicans David Wesley 90
6%
All-Time Phoenix Suns Dick Van Arsdale 90
6%
All-Time Philadelphia 76ers Hersey Hawkins 89
6%
All-Time Milwaukee Bucks Jon McGlocklin 89
6%
All-Time Detroit Pistons Kelly Tripucka 90
6%
All-Time Washington Wizards Phil Chenier 89
6%
All-Time Houston Rockets Rudy Tomjanovich 84
6%
All-Time Portland Trail Blazers Geoff Petrie 86
5%
All-Time Memphis Grizzlies James Posey 86
2%
No matching quizzes found
Score Distribution
Percent of People with Each Score
Percentile by Number Answered
Your Score History
You have not taken this quiz